Vodní hudba : poema na motivy života a díla Georga Friedricha Händela /

Hlavní autor: Hons, Václav, 1938-
Jazyk: Čeština
Vydáno: Praha : Radix, 2015
Vydání: Vydání první
Témata:
Fyzický popis: 65 stran : ilustrace, noty, faksimile ; 20 cm
Knihy
Uloženo v:
LEADER 01558nam a2200457 i 4500
001 nkc20162771505
003 CZ PrNK
005 20170201095220.0
007 ta
008 160111s2015 xr agh g 000 p cze
015 |a cnb002771505 
020 |a 978-80-87573-18-1  |q (brožováno) 
035 |a (OCoLC)972568700 
040 |a BOA001  |b cze  |e rda 
043 |a e-uk-en 
072 7 |a 821.162.3-1  |x Česká poezie  |2 Konspekt  |9 25 
080 |a 821.162.3-1  |2 MRF 
080 |a 78  |2 MRF 
080 |a 82:7.04  |2 MRF 
080 |a (410.1)  |2 MRF 
080 |a (0:82-1)  |2 MRF 
100 1 |a Hons, Václav,  |d 1938-  |7 jk01041939  |4 aut 
245 1 0 |a Vodní hudba :  |b poema na motivy života a díla Georga Friedricha Händela /  |c Václav Hons 
250 |a Vydání první 
264 1 |a Praha :  |b Radix,  |c 2015 
300 |a 65 stran :  |b ilustrace, noty, faksimile ;  |c 20 cm 
336 |a text  |b txt  |2 rdacontent 
337 |a bez média  |b n  |2 rdamedia 
338 |a svazek  |b nc  |2 rdacarrier 
600 1 7 |a Händel, Georg Friedrich,  |d 1685-1759.  |t Water music  |7 aun2011672792  |2 czenas 
650 0 7 |a hudba  |7 ph114719  |z Anglie  |y 18. století  |2 czenas 
650 0 7 |a literární náměty  |7 ph138213  |2 czenas 
650 0 9 |a music  |z England  |y 18th century  |2 eczenas 
650 0 9 |a literary themes  |2 eczenas 
655 7 |a česká poezie  |7 fd133958  |2 czenas 
655 9 |a Czech poetry  |2 eczenas 
910 2 |a BOA001  |b 1-1371.330 
990 |a BK 
995 |a 01 
991 |b 201608  |c NOV 
996 6 |b 2610676829  |c 1-1371.330  |l MZK  |r Sklad / do 1 hodiny  |n 0  |p p.v.  |w 001571456  |u 000010  |a 1  |e BOA001  |j MZK50  |s P